[Event "Titled Tuesday intern op 23rd May Early"]
[White "Artemenko, Oleg"]
[Black "Andreev, Konstantin1"]
[Site "Chess.com INT"]
[Round "3"]
[Result "0-1"]
[Date "2023.05.23"]
[WhiteElo "2246"]
[BlackElo "2195"]
[PlyCount "166"]
[EventDate "2023.05.23"]
[EventType "swiss (blitz)"]
[EventRounds "11"]
[EventCountry "USA"]
[SourceTitle "CBM 214 Extra"]
[Source "ChessBase"]
[SourceDate "2023.07.31"]
[SourceVersion "1"]
[SourceVersionDate "2023.07.31"]
[SourceQuality "1"]

1. d4 Nf6 2. c4 e6 3. Nc3 Bb4 4. e3 0-0 5. Bd2 Re8 6. Nf3 b6 7. Bd3 Bb7 8. 0-0 d6 9. Qc2 e5 10. Ng5 h6 11. Nge4 Nbd7 12. Nxf6+ Nxf6 13. f3 exd4 14. exd4 d5 15. cxd5 Nxd5 16. Be4 Bf8 17. a3 Rb8 18. Rae1 Nf6 19. Be3 Qd7 20. Bf5 Qc6 21. Bd3 a6 22. Bf2 Bd6 23. Ne4 Qxc2 24. Nxf6+ gxf6 25. Bxc2 Bf4 26. Be4 Bd2 27. Rd1 Bf4 28. g3 Bd6 29. Rfe1 Kg7 30. Kg2 b5 31. Rc1 a5 32. h4 h5 33. Rc2 a4 34. Rce2 Ba6 35. Re3 b4 36. Bc6 Rxe3 37. Rxe3 bxa3 38. bxa3 Rb2 39. Bxa4 Rd2 40. Rc3 Bd3 41. Bc6 Rd1 42. Be3 Bf1+ 43. Kf2 Ba6 44. Be4 Rf1+ 45. Kg2 Ra1 46. Bf2 Bxa3 47. Rxc7 Bf1+ 48. Kh2 Ra2 49. Kg1 Bh3 50. Rxf7+ Kxf7 51. Bd5+ Be6 52. Bxa2 Bxa2 53. Be3 Bd5 54. Kf2 Ke6 55. g4 hxg4 56. fxg4 Be4 57. Kg3 Bd6+ 58. Bf4 Bb4 59. h5 Bc3 60. Be3 Kd5 61. Kf4 Bxd4 62. Bxd4 Kxd4 63. h6 Bh7 64. Kf3 Ke5 65. Ke3 Bg6 66. Kf3 Ke6 67. g5 f5 68. Kf4 Kd5 69. Kf3 Ke5 70. h7 Bxh7 71. g6 Bxg6 72. Kg3 f4+ 73. Kf3 Bh5+ 74. Kf2 Ke4 75. Kf1 Bg4 76. Kf2 f3 77. Kg3 Ke3 78. Kh2 f2 79. Kg2 Bh3+ 80. Kg3 f1Q 81. Kh4 Qg2 82. Kh5 Bf5 83. Kh6 Qg6# 0-1

[Event "Titled Tuesday intern op 23rd May Early"]
[White "Artemenko, Oleg"]
[Black "Miller, Daniel I"]
[Site "Chess.com INT"]
[Round "8"]
[Result "0-1"]
[Date "2023.05.23"]
[WhiteElo "2246"]
[BlackElo "2169"]
[PlyCount "134"]
[EventDate "2023.05.23"]
[EventType "swiss (blitz)"]
[EventRounds "11"]
[EventCountry "USA"]
[SourceTitle "CBM 214 Extra"]
[Source "ChessBase"]
[SourceDate "2023.07.31"]
[SourceVersion "1"]
[SourceVersionDate "2023.07.31"]
[SourceQuality "1"]

1. d4 e5 2. dxe5 Nc6 3. Nf3 Qe7 4. e4 Nxe5 5. Nc3 Nf6 6. Bf4 d6 7. Nxe5 dxe5 8. Bg5 c6 9. Qd2 Qc7 10. 0-0-0 Be6 11. f4 exf4 12. Bxf4 Qa5 13. Kb1 Bb4 14. a3 Bxc3 15. Qxc3 Qxc3 16. bxc3 Nxe4 17. Kb2 Nf2 18. Be2 Nxh1 19. Rxh1 0-0-0 20. a4 Rhe8 21. Bd3 Bd5 22. Rd1 g6 23. Rb1 Bxg2 24. Ka3 f5 25. a5 Be4 26. Bc4 Bxc2 27. Rb2 Re4 28. Bg5 Rxc4 29. Bxd8 Rxc3+ 30. Kb4 Rb3+ 31. Rxb3 Bxb3 32. Bg5 Bg8 33. Be3 b6 34. axb6 axb6 35. Bxb6 Kd7 36. Kc5 Bd5 37. Kd4 g5 38. Ke5 Be4 39. Be3 g4 40. Bc5 h5 41. Bf2 Kc7 42. Kd4 Kd6 43. Bg3+ Ke6 44. Bh4 Bd5 45. Bg5 Kf7 46. Ke5 Kg6 47. Be7 Bh1 48. Kf4 Kf7 49. Ba3 Ke6 50. Kg5 Ke5 51. Bc1 Bf3 52. Bf4+ Ke4 53. Bd6 Kd5 54. Bg3 Ke4 55. Bf2 f4 56. Kh4 Kf5 57. Bc5 Kg6 58. Bf2 Bd5 59. h3 g3 60. Bg1 Bf7 61. Bh2 Kf5 62. Bg1 Ke4 63. Bc5 Kf3 64. Kg5 g2 65. Kh4 Ke2 66. Kg5 f3 67. Kf4 f2 0-1

[Event "Titled Tuesday intern op 23rd May Early"]
[White "Hinds, Nathan"]
[Black "Artemenko, Oleg"]
[Site "Chess.com INT"]
[Round "7"]
[Result "0-1"]
[Date "2023.05.23"]
[WhiteElo "1976"]
[BlackElo "2246"]
[PlyCount "88"]
[EventDate "2023.05.23"]
[EventType "swiss (blitz)"]
[EventRounds "11"]
[EventCountry "USA"]
[SourceTitle "CBM 214 Extra"]
[Source "ChessBase"]
[SourceDate "2023.07.31"]
[SourceVersion "1"]
[SourceVersionDate "2023.07.31"]
[SourceQuality "1"]

1. d4 Nf6 2. c4 g6 3. b4 Bg7 4. Bb2 0-0 5. Nf3 d5 6. e3 a5 7. a3 axb4 8. axb4 Rxa1 9. Bxa1 dxc4 10. Bxc4 Nd5 11. Qb3 c6 12. 0-0 h6 13. Nc3 Be6 14. b5 Nxc3 15. Qxc3 Bxc4 16. Qxc4 Qd7 17. Rb1 cxb5 18. Qxb5 Qxb5 19. Rxb5 Rc8 20. Rb1 b5 21. Kf1 Nd7 22. Rxb5 Rc1+ 23. Ne1 Rxa1 24. Rb7 Nf6 25. Rxe7 Ne4 26. f3 Nc3 27. Rc7 Nd5 28. Rc8+ Kh7 29. e4 Nf4 30. Kf2 Bxd4+ 31. Kg3 Nh5+ 32. Kh3 Rxe1 33. Rc7 Kg7 34. g3 Re2 35. Rc1 f5 36. exf5 gxf5 37. Rd1 Be5 38. f4 Nxf4+ 39. gxf4 Bxf4 40. Rh1 Kf6 41. Kh4 Rxh2+ 42. Rxh2 Bxh2 43. Kh5 f4 44. Kxh6 f3 0-1

[Event "Titled Tuesday intern op 23rd May Early"]
[White "Vargas, Gabriela"]
[Black "Artemenko, Oleg"]
[Site "Chess.com INT"]
[Round "9"]
[Result "0-1"]
[Date "2023.05.23"]
[WhiteElo "2071"]
[BlackElo "2246"]
[PlyCount "72"]
[EventDate "2023.05.23"]
[EventType "swiss (blitz)"]
[EventRounds "11"]
[EventCountry "USA"]
[SourceTitle "CBM 214 Extra"]
[Source "ChessBase"]
[SourceDate "2023.07.31"]
[SourceVersion "1"]
[SourceVersionDate "2023.07.31"]
[SourceQuality "1"]

1. d4 Nf6 2. Nf3 g6 3. Bg5 Bg7 4. Nbd2 0-0 5. c3 d6 6. e4 h6 7. Bh4 c5 8. dxc5 dxc5 9. Bc4 Nc6 10. Qe2 Nh5 11. Bg3 Nxg3 12. hxg3 Na5 13. Bd3 Bg4 14. Nc4 Nxc4 15. Bxc4 a6 16. a4 b5 17. Bd5 Rb8 18. 0-0 b4 19. Rfd1 Qa5 20. cxb4 Rxb4 21. Ra2 Rxa4 22. Rxa4 Qxa4 23. b3 Qa3 24. Bc4 a5 25. Rd3 Qc1+ 26. Rd1 Qc3 27. Qd3 Qb2 28. Rd2 Qa1+ 29. Rd1 Qf6 30. Kh2 g5 31. Rd2 h5 32. Ne1 h4 33. gxh4 gxh4 34. g3 Qh6 35. Kg2 hxg3 36. fxg3 Bd4 0-1

[Event "Titled Tuesday intern op 17th Jan Late"]
[White "Artemenko, Oleg"]
[Black "Rodriguez Fontecha, Marcos"]
[Site "Chess.com INT"]
[Round "6"]
[Result "0-1"]
[Date "2023.01.17"]
[WhiteElo "2246"]
[BlackElo "2309"]
[PlyCount "116"]
[EventDate "2023.01.17"]
[EventType "swiss (blitz)"]
[EventRounds "11"]
[EventCountry "USA"]
[SourceTitle "CBM 212 Extra"]
[Source "ChessBase"]
[SourceDate "2023.03.31"]
[SourceVersion "1"]
[SourceVersionDate "2023.03.31"]
[SourceQuality "1"]

1. e4 e6 2. d4 c5 3. c3 b6 4. Bd3 Bb7 5. Nd2 Nf6 6. Ngf3 d5 7. e5 Ne4 8. 0-0 Be7 9. Re1 Nxd2 10. Bxd2 Nc6 11. a3 Qc7 12. Rc1 0-0-0 13. b4 c4 14. Bc2 Rde8 15. a4 f6 16. Bf4 f5 17. h4 g6 18. Qd2 Qd8 19. g3 Reg8 20. Bg5 Qf8 21. Bxe7 Qxe7 22. Qg5 h6 23. Qxe7 Nxe7 24. Kf1 g5 25. Ke2 Bc6 26. Ra1 Be8 27. Bd1 a6 28. Kd2 Bh5 29. Rh1 Bxf3 30. Bxf3 g4 31. Be2 h5 32. Rag1 Ng6 33. f3 Rf8 34. Rf1 Kd7 35. Ke3 Ke7 36. Rf2 f4+ 37. gxf4 Rxf4 38. fxg4 Re4+ 39. Kd2 hxg4 40. h5 g3 41. Rf6 Nh4 42. Rg1 Nf5 43. Bd1 Rf4 44. Rg2 Rf1 45. Be2 Ra1 46. Bg4 Ra2+ 47. Ke1 Rxg2 48. Bxf5 exf5 49. Rxb6 Rxh5 50. Rb7+ Kf8 51. Kf1 Rf2+ 52. Kg1 f4 53. e6 f3 54. Rb8+ Ke7 55. Rb7+ Kxe6 56. Rb6+ Kf5 57. Rb8 Rg2+ 58. Kf1 Rh1# 0-1

[Event "Titled Tuesday intern op 17th Jan Late"]
[White "Gasparyan, Davit"]
[Black "Artemenko, Oleg"]
[Site "Chess.com INT"]
[Round "3"]
[Result "1-0"]
[Date "2023.01.17"]
[WhiteElo "2092"]
[BlackElo "2246"]
[PlyCount "97"]
[EventDate "2023.01.17"]
[EventType "swiss (blitz)"]
[EventRounds "11"]
[EventCountry "USA"]
[SourceTitle "CBM 212 Extra"]
[Source "ChessBase"]
[SourceDate "2023.03.31"]
[SourceVersion "1"]
[SourceVersionDate "2023.03.31"]
[SourceQuality "1"]

1. e4 c5 2. g3 Nc6 3. Bg2 e6 4. Ne2 d5 5. d3 Nf6 6. 0-0 Be7 7. Nd2 0-0 8. c3 b6 9. h3 Ba6 10. Nf4 dxe4 11. Nxe4 Nd5 12. c4 Nxf4 13. Bxf4 Rc8 14. a3 Bb7 15. Re1 Qd7 16. Qd2 Rcd8 17. Rad1 Nd4 18. b4 f6 19. bxc5 bxc5 20. Qa5 e5 21. Be3 Ba8 22. Bxd4 cxd4 23. Rb1 Rb8 24. Rb5 Bc6 25. Rxb8 Rxb8 26. Nc5 Bxc5 27. Qxc5 Bxg2 28. Kxg2 Rc8 29. Qa5 Qb7+ 30. Kh2 Rb8 31. c5 Rc8 32. Rc1 Qf3 33. Kg1 Qxd3 34. c6 Qf5 35. Qd5+ Kh8 36. c7 h5 37. Qd8+ Kh7 38. Qe7 d3 39. Rd1 e4 40. Qd6 Qe5 41. Qxe5 fxe5 42. Rc1 Kg6 43. Kf1 Kf5 44. Ke1 g5 45. Kd2 h4 46. Ke3 hxg3 47. fxg3 a6 48. Rc6 d2 49. g4# 1-0

[Event "Titled Tuesday intern op 17th Jan Late"]
[White "Ward, Ieuan C"]
[Black "Artemenko, Oleg"]
[Site "Chess.com INT"]
[Round "5"]
[Result "0-1"]
[Date "2023.01.17"]
[WhiteElo "2028"]
[BlackElo "2246"]
[PlyCount "86"]
[EventDate "2023.01.17"]
[EventType "swiss (blitz)"]
[EventRounds "11"]
[EventCountry "USA"]
[SourceTitle "CBM 212 Extra"]
[Source "ChessBase"]
[SourceDate "2023.03.31"]
[SourceVersion "1"]
[SourceVersionDate "2023.03.31"]
[SourceQuality "1"]

1. e4 c6 2. d4 d5 3. Nc3 dxe4 4. Nxe4 Nf6 5. Nxf6+ exf6 6. Nf3 Bd6 7. Be2 0-0 8. 0-0 Bf5 9. Nh4 Bg6 10. Nxg6 hxg6 11. c4 Qc7 12. h3 Rd8 13. Be3 Nd7 14. Qc2 Nf8 15. Rfd1 Bf4 16. Bxf4 Qxf4 17. d5 cxd5 18. cxd5 Rac8 19. Qb3 Nd7 20. Qxb7 Rc2 21. Re1 Qd4 22. Rab1 Ne5 23. Qb3 Rd2 24. Rbd1 Rxd5 25. Rxd2 Qxd2 26. Rd1 Qxe2 27. Qxd5 Qxb2 28. Qd8+ Kh7 29. Qd2 Qa3 30. Rc1 Qe7 31. Re1 Qc5 32. Rc1 Qb6 33. Qe3 Qa6 34. a3 Qa4 35. Rb1 a5 36. Re1 Qc2 37. Qe2 Qb3 38. Qe3 Qa2 39. Re2 Qb1+ 40. Kh2 Qb8 41. g3 a4 42. Qe4 Qb3 43. Rd2 Nf3+ 0-1

[Event "Titled Tuesday intern op 13th Dec Early"]
[White "Andreev, Konstantin1"]
[Black "Artemenko, Oleg"]
[Site "Chess.com INT"]
[Round "3"]
[Result "0-1"]
[Date "2022.12.13"]
[WhiteElo "2130"]
[BlackElo "2246"]
[PlyCount "72"]
[EventDate "2022.12.13"]
[EventType "swiss (blitz)"]
[EventRounds "11"]
[EventCountry "USA"]
[SourceTitle "EXT 2024"]
[Source "ChessBase"]
[SourceDate "2023.10.10"]
[SourceVersion "1"]
[SourceVersionDate "2023.10.10"]
[SourceQuality "1"]

1. e4 e6 2. d4 d5 3. Nc3 Nf6 4. e5 Nfd7 5. f4 c5 6. Nf3 Nc6 7. Be3 Qb6 8. Qd2 Qxb2 9. Rb1 Qa3 10. Be2 c4 11. Nb5 c3 12. Nxc3 a6 13. 0-0 g6 14. h3 Be7 15. Bd3 b5 16. Ne2 Nb6 17. Rb3 Qa5 18. c3 Nc4 19. Bxc4 dxc4 20. Rbb1 Bb7 21. Ng3 0-0-0 22. Qc2 Bf8 23. Ng5 Qc7 24. a4 b4 25. Qe2 h6 26. N5e4 bxc3 27. Qxc4 Nxd4 28. Qxc3 Bxe4 29. Qxc7+ Kxc7 30. Nxe4 Ba3 31. Ra1 Bb2 32. Rab1 Rb8 33. Rf2 Nf5 34. Rfxb2 Rxb2 35. Rxb2 Nxe3 36. Kf2 Nd1+ 0-1

[Event "Titled Tuesday intern op 13th Dec Early"]
[White "Artemenko, Oleg"]
[Black "Paravyan, David"]
[Site "Chess.com INT"]
[Round "8"]
[Result "0-1"]
[Date "2022.12.13"]
[WhiteElo "2246"]
[BlackElo "2586"]
[PlyCount "108"]
[EventDate "2022.12.13"]
[EventType "swiss (blitz)"]
[EventRounds "11"]
[EventCountry "USA"]
[SourceTitle "EXT 2024"]
[Source "ChessBase"]
[SourceDate "2023.10.10"]
[SourceVersion "1"]
[SourceVersionDate "2023.10.10"]
[SourceQuality "1"]

1. d4 Nf6 2. Nc3 d5 3. Bf4 g6 4. e3 Bg7 5. h4 h5 6. Nf3 0-0 7. Ne5 c5 8. Be2 Nc6 9. g4 cxd4 10. exd4 Nxe5 11. dxe5 Nxg4 12. Qxd5 Be6 13. Qxd8 Rfxd8 14. Bg5 Nxe5 15. Bxe7 Re8 16. Bg5 Nc4 17. 0-0-0 Rac8 18. Bxc4 Rxc4 19. Nd5 Bxd5 20. Rxd5 Re2 21. c3 Rxf2 22. Re1 Rg4 23. Re8+ Kh7 24. Rd1 Rgg2 25. Rd2 Rxd2 26. Bxd2 Bf6 27. Be1 g5 28. hxg5 Bxg5+ 29. Kb1 h4 30. Bxh4 Bxh4 31. Rb8 b6 32. Rb7 Kg6 33. Rxa7 f5 34. Rb7 Bf2 35. Kc2 Bc5+ 36. Kd3 Rxb2 37. a4 Ra2 38. Ra7 Kg5 39. Kc4 f4 40. Kb5 f3 41. Rf7 f2 42. c4 Ra1 43. a5 Rxa5+ 44. Kc6 Ra1 45. Kb5 Rb1+ 46. Kc6 Re1 47. Kb5 f1Q 48. Rg7+ Kf6 49. Rg3 Rb1+ 50. Kc6 Qh1+ 51. Kd7 Rd1+ 52. Kc7 Bd6+ 53. Kc8 Qc6+ 54. Kd8 Be7# 0-1

[Event "Titled Tuesday intern op 13th Dec Early"]
[White "Namitbir, Singh Walia"]
[Black "Artemenko, Oleg"]
[Site "Chess.com INT"]
[Round "5"]
[Result "0-1"]
[Date "2022.12.13"]
[WhiteElo "2341"]
[BlackElo "2246"]
[PlyCount "46"]
[EventDate "2022.12.13"]
[EventType "swiss (blitz)"]
[EventRounds "11"]
[EventCountry "USA"]
[SourceTitle "EXT 2024"]
[Source "ChessBase"]
[SourceDate "2023.10.10"]
[SourceVersion "1"]
[SourceVersionDate "2023.10.10"]
[SourceQuality "1"]

1. e4 e6 2. d4 d5 3. Nd2 c5 4. exd5 Qxd5 5. dxc5 Bxc5 6. Ngf3 Nf6 7. Bd3 Nc6 8. Qe2 0-0 9. Ne4 Be7 10. 0-0 h6 11. Rd1 Qh5 12. Ng3 Qa5 13. c3 e5 14. h3 Be6 15. b3 Rfd8 16. Bb2 Qc7 17. Rac1 Rd7 18. Bb1 Rad8 19. Rxd7 Qxd7 20. Nxe5 Nxe5 21. Qxe5 Qd2 22. c4 Bd6 23. Qe2 Bxg3 0-1

[Event "Titled Tuesday intern op 06th Dec Early"]
[White "Caruana, Fabiano"]
[Black "Artemenko, Oleg"]
[Site "Chess.com INT"]
[Round "5"]
[Result "0-1"]
[Date "2022.12.06"]
[WhiteElo "2766"]
[BlackElo "2246"]
[PlyCount "128"]
[EventDate "2022.12.06"]
[EventType "swiss (blitz)"]
[EventRounds "11"]
[EventCountry "USA"]
[SourceTitle "CBM 211 Extra"]
[Source "ChessBase"]
[SourceDate "2023.01.31"]
[SourceVersion "1"]
[SourceVersionDate "2023.01.31"]
[SourceQuality "1"]

1. e4 e6 2. d4 d5 3. Nc3 Nf6 4. e5 Nfd7 5. f4 c5 6. Nf3 Nc6 7. Ne2 Qb6 8. c3 f6 9. h4 cxd4 10. cxd4 fxe5 11. fxe5 Bb4+ 12. Bd2 0-0 13. Bxb4 Qxb4+ 14. Qd2 Qxd2+ 15. Kxd2 h6 16. h5 Nb6 17. b3 Bd7 18. Rh4 a5 19. a4 Rac8 20. Nf4 Nb4 21. Bd3 Nxd3 22. Nxd3 Rc6 23. Nc5 Bc8 24. Rc1 Nd7 25. Nd3 Rxc1 26. Kxc1 Nb8 27. Kd2 Nc6 28. Rf4 Re8 29. g4 b6 30. g5 Ne7 31. gxh6 gxh6 32. Nh4 Rf8 33. Rg4+ Kh7 34. Nf4 Bd7 35. Nhg6 Rf7 36. Nxe7 Rxe7 37. Rg6 Re8 38. Rf6 Kg7 39. Kc3 Rc8+ 40. Kb2 Re8 41. Ka3 Re7 42. b4 axb4+ 43. Kxb4 Re8 44. a5 bxa5+ 45. Kxa5 Bc8 46. Kb6 Re7 47. Kc6 Kh7 48. Kd6 Rd7+ 49. Kxe6 Kg7 50. Ng6 Rf7+ 51. Kxd5 Rxf6 52. exf6+ Kxf6 53. Ne5 Kg5 54. Kd6 Kxh5 55. d5 Kg5 56. Ke7 h5 57. Nf7+ Kf4 58. Nd6 Bg4 59. Nc4 h4 60. Nd2 Ke3 61. Nf1+ Kf2 62. Nh2 Bh3 63. d6 Kg2 64. Kf6 Kxh2 0-1

[Event "Titled Tuesday intern op 06th Dec Early"]
[White "Salem, AR Saleh"]
[Black "Artemenko, Oleg"]
[Site "Chess.com INT"]
[Round "10"]
[Result "0-1"]
[Date "2022.12.06"]
[WhiteElo "2677"]
[BlackElo "2246"]
[PlyCount "74"]
[EventDate "2022.12.06"]
[EventType "swiss (blitz)"]
[EventRounds "11"]
[EventCountry "USA"]
[SourceTitle "CBM 211 Extra"]
[Source "ChessBase"]
[SourceDate "2023.01.31"]
[SourceVersion "1"]
[SourceVersionDate "2023.01.31"]
[SourceQuality "1"]

1. d4 e6 2. c4 b6 3. Nf3 Nf6 4. a3 Bb7 5. Nc3 Be7 6. d5 0-0 7. e4 exd5 8. cxd5 Re8 9. Bd3 c6 10. d6 Bxd6 11. 0-0 h6 12. Re1 Ng4 13. Bc2 Bc5 14. Re2 Ba6 15. Rd2 Qf6 16. h3 Ne5 17. Nxe5 Qxe5 18. Na4 Bf8 19. Rd4 d5 20. Be3 Nd7 21. exd5 c5 22. Re4 Qf6 23. Rf4 Qe5 24. Nc3 Bd6 25. Ne4 Re7 26. Qg4 Rae8 27. g3 Bc8 28. Rf5 Qxb2 29. Nxd6 Qxa1+ 30. Kg2 Ne5 31. Qf4 Bxf5 32. Qxf5 Ng6 33. Nxf7 Rxf7 34. Qxg6 Rxe3 35. d6 Rxf2+ 36. Kxf2 Qe1+ 37. Kg2 Qd2+ 0-1

[Event "Titled Tuesday intern op 06th Dec Early"]
[White "Sarana, Alexey"]
[Black "Artemenko, Oleg"]
[Site "Chess.com INT"]
[Round "9"]
[Result "0-1"]
[Date "2022.12.06"]
[WhiteElo "2668"]
[BlackElo "2246"]
[PlyCount "52"]
[EventDate "2022.12.06"]
[EventType "swiss (blitz)"]
[EventRounds "11"]
[EventCountry "USA"]
[SourceTitle "CBM 211 Extra"]
[Source "ChessBase"]
[SourceDate "2023.01.31"]
[SourceVersion "1"]
[SourceVersionDate "2023.01.31"]
[SourceQuality "1"]

1. d4 e6 2. c4 b6 3. a3 Bb7 4. Nc3 Nf6 5. Bf4 Be7 6. e3 0-0 7. Nf3 Ne4 8. Nxe4 Bxe4 9. Nd2 Bb7 10. Bd3 d6 11. Qc2 h6 12. Bh7+ Kh8 13. Be4 Bxe4 14. Qxe4 Nd7 15. Qc6 e5 16. dxe5 dxe5 17. Bg3 Nc5 18. 0-0-0 Qd3 19. Qd5 Qg6 20. b4 Rad8 21. bxc5 Rxd5 22. cxd5 Bxc5 23. e4 Bxa3+ 24. Kc2 Qd6 25. Nc4 Qc5 26. Kd3 Qd4+ 0-1

[Event "Titled Tuesday intern op 22nd Nov Early"]
[White "Artemenko, Oleg"]
[Black "Alekseenko, Kirill"]
[Site "Chess.com INT"]
[Round "3"]
[Result "0-1"]
[Date "2022.11.22"]
[WhiteElo "2246"]
[BlackElo "2687"]
[PlyCount "94"]
[EventDate "2022.11.22"]
[EventType "swiss (blitz)"]
[EventRounds "11"]
[EventCountry "USA"]
[SourceTitle "CBM 211 Extra"]
[Source "ChessBase"]
[SourceDate "2023.01.31"]
[SourceVersion "1"]
[SourceVersionDate "2023.01.31"]
[SourceQuality "1"]

1. d4 d5 2. Nc3 Nf6 3. Bf4 e6 4. Nb5 Na6 5. e3 Be7 6. Nf3 Nh5 7. Be5 f6 8. Bg3 0-0 9. Bd3 g6 10. c3 c6 11. Na3 Bd7 12. Nc2 c5 13. Nh4 Qe8 14. 0-0 Nxg3 15. hxg3 Nb8 16. f4 Nc6 17. Nf3 a6 18. a4 c4 19. Be2 Na5 20. e4 dxe4 21. Nd2 b5 22. axb5 axb5 23. Nxe4 Nb3 24. Rxa8 Qxa8 25. Bf3 Bc6 26. Re1 Rd8 27. Qe2 Bd5 28. Nb4 Qb7 29. f5 gxf5 30. Nxd5 exd5 31. Nd2 Nxd2 32. Qxd2 Bd6 33. Qh6 Qg7 34. Bxd5+ Kh8 35. Qh5 Rf8 36. Re8 Bxg3 37. Rxf8+ Qxf8 38. Qxf5 Bd6 39. Be4 Qe7 40. Kf2 b4 41. Kf3 bxc3 42. bxc3 Bc7 43. Bd5 Qd6 44. Qc8+ Kg7 45. Qg8+ Kh6 46. g3 Qa3 47. Kg4 Bd6 0-1

[Event "Titled Tuesday intern op 22nd Nov Late"]
[White "Artemenko, Oleg"]
[Black "Araujo Sanchez, Josue"]
[Site "Chess.com INT"]
[Round "5"]
[Result "0-1"]
[Date "2022.11.22"]
[WhiteElo "2246"]
[BlackElo "2303"]
[PlyCount "174"]
[EventDate "2022.11.22"]
[EventType "swiss (blitz)"]
[EventRounds "11"]
[EventCountry "USA"]
[SourceTitle "CBM 211 Extra"]
[Source "ChessBase"]
[SourceDate "2023.01.31"]
[SourceVersion "1"]
[SourceVersionDate "2023.01.31"]
[SourceQuality "1"]

1. d4 d5 2. Nc3 Nf6 3. Bf4 a6 4. e3 c5 5. dxc5 e6 6. Na4 Nbd7 7. b4 b6 8. c6 Bxb4+ 9. c3 Ba5 10. cxd7+ Bxd7 11. Ne2 Qe7 12. Be5 Qa3 13. Nxb6 Bxb6 14. Qb3 Qa5 15. Qb4 Bb5 16. Nd4 Qxb4 17. cxb4 Bxf1 18. Rxf1 Kd7 19. Ke2 Rhc8 20. Rfc1 Ne8 21. Nb3 f6 22. Bd4 Bxd4 23. exd4 Nd6 24. Nc5+ Ke7 25. Kd3 Nc4 26. f4 Rc6 27. Re1 Kf7 28. Re2 Rb8 29. Rb1 f5 30. Rbe1 Rxb4 31. Nxe6 Rc8 32. Ng5+ Kg6 33. Re6+ Kh5 34. Ke2 Rb2+ 35. Kf3 Nd2+ 36. Kg3 Rc3+ 37. Nf3 Ne4+ 38. Kh3 g5 39. fxg5 Nxg5+ 40. Kg3 Nxe6 41. Rxe6 Rcc2 42. Kf4 Rxg2 43. Re7 Kg6 44. Nh4+ Kf6 45. Rxh7 Rbf2+ 46. Ke3 Re2+ 47. Kf3 Rxh2 48. Ra7 Rxa2 49. Kg3 Rhd2 50. Nf3 Rd3 51. Rb7 Raa3 52. Rb6+ Ke7 53. Kf4 Rxf3+ 54. Ke5 Rae3+ 55. Kxd5 f4 56. Rxa6 Kf7 57. Ra7+ Kf6 58. Ra6+ Kg5 59. Ra8 Rf1 60. Rf8 Rd1 61. Kc6 Red3 62. d5 Rxd5 63. Rg8+ Kf5 64. Kc7 Rc5+ 65. Kb6 Rcc1 66. Rf8+ Kg4 67. Rg8+ Kf3 68. Rg5 Rd2 69. Rb5 Rd6+ 70. Kb7 Rcc6 71. Rb3+ Kg4 72. Ra3 Rb6+ 73. Kc7 Rdc6+ 74. Kd7 Rh6 75. Kc7 Rbg6 76. Rd3 Rh7+ 77. Rd7 Rxd7+ 78. Kxd7 f3 79. Ke7 Rg5 80. Kf7 f2 81. Kf6 f1Q+ 82. Ke6 Qf4 83. Ke7 Re5+ 84. Kd7 Qd4+ 85. Kc8 Rc5+ 86. Kb7 Qb4+ 87. Ka8 Ra5# 0-1

[Event "Titled Tuesday intern op 22nd Nov Early"]
[White "Artemenko, Oleg"]
[Black "Castellanos Hernandez, Emilio Agustin"]
[Site "Chess.com INT"]
[Round "2"]
[Result "1-0"]
[Date "2022.11.22"]
[WhiteElo "2246"]
[BlackElo "1938"]
[PlyCount "89"]
[EventDate "2022.11.22"]
[EventType "swiss (blitz)"]
[EventRounds "11"]
[EventCountry "USA"]
[SourceTitle "CBM 211 Extra"]
[Source "ChessBase"]
[SourceDate "2023.01.31"]
[SourceVersion "1"]
[SourceVersionDate "2023.01.31"]
[SourceQuality "1"]

1. d4 d5 2. Nc3 Nf6 3. Bf4 a6 4. e3 Bf5 5. f3 e6 6. g4 Bg6 7. h4 h5 8. g5 Nfd7 9. Bd3 Bxd3 10. cxd3 c5 11. dxc5 Bxc5 12. d4 Bb4 13. Nge2 Nc6 14. Qb3 Nf8 15. a3 Bd6 16. Bxd6 Qxd6 17. Nf4 b5 18. Rc1 Nxd4 19. Qd1 Nf5 20. Qd2 Nd7 21. Kf2 Rd8 22. Nce2 g6 23. Nd4 Nxd4 24. exd4 0-0 25. Nd3 e5 26. Nb4 e4 27. Rc6 Qe7 28. Nxd5 Qe8 29. Re1 Kh8 30. Rxe4 Ne5 31. Rc5 Ng4+ 32. Kg3 Qd7 33. fxg4 hxg4 34. Nf6 Qd6+ 35. Rce5 Rc8 36. h5 gxh5 37. Qh2 Kg7 38. Nxh5+ Kg6 39. Nf4+ Kg7 40. Qh6+ Qxh6 41. gxh6+ Kxh6 42. Rh5+ Kg7 43. Rg5+ Kf6 44. Kxg4 Rfd8 45. Nh5# 1-0

[Event "Titled Tuesday intern op 22nd Nov Late"]
[White "Artemenko, Oleg"]
[Black "Golubev, Mikhail"]
[Site "Chess.com INT"]
[Round "7"]
[Result "0-1"]
[Date "2022.11.22"]
[WhiteElo "2246"]
[BlackElo "2461"]
[PlyCount "124"]
[EventDate "2022.11.22"]
[EventType "swiss (blitz)"]
[EventRounds "11"]
[EventCountry "USA"]
[SourceTitle "CBM 211 Extra"]
[Source "ChessBase"]
[SourceDate "2023.01.31"]
[SourceVersion "1"]
[SourceVersionDate "2023.01.31"]
[SourceQuality "1"]

1. d4 Nf6 2. Nc3 d6 3. e4 g6 4. f4 Bg7 5. Bd3 0-0 6. Nf3 Nc6 7. e5 dxe5 8. dxe5 Nd5 9. 0-0 Nxc3 10. bxc3 Bf5 11. Qe2 Bxd3 12. cxd3 f5 13. exf6 Rxf6 14. d4 Qd5 15. Rb1 a6 16. Be3 b5 17. Ne5 Nxe5 18. fxe5 Rc6 19. Rbc1 Rc4 20. a3 c5 21. Rf3 cxd4 22. Bxd4 Rcc8 23. Rcf1 Rf8 24. h4 Rxf3 25. Rxf3 Rf8 26. Rxf8+ Kxf8 27. Kh2 h5 28. g3 Kg8 29. Qe3 Kh7 30. Qf4 Qa2+ 31. Kh3 Qe6+ 32. g4 hxg4+ 33. Qxg4 Qxg4+ 34. Kxg4 e6 35. h5 Bf8 36. Kg5 Be7+ 37. Kg4 Bxa3 38. Bb6 Be7 39. hxg6+ Kxg6 40. Kf4 Bg5+ 41. Ke4 Bd2 42. Ba5 Kg5 43. Kd3 Be1 44. Ke4 Kg4 45. Bb4 Bf2 46. Ba5 Bc5 47. Bc7 b4 48. Bd6 b3 49. Bxc5 b2 50. Bb4 b1Q+ 51. Kd4 Qd1+ 52. Kc5 Qd5+ 53. Kb6 a5 54. Ka6 Kf5 55. Bd6 Qc4+ 56. Kxa5 Qb3 57. c4 Qxc4 58. Kb6 Ke4 59. Kb7 Kd5 60. Kb6 Qc6+ 61. Ka5 Kc4 62. Bc5 Qb5# 0-1

[Event "Titled Tuesday intern op 22nd Nov Late"]
[White "Kaplan, Avi Harrison"]
[Black "Artemenko, Oleg"]
[Site "Chess.com INT"]
[Round "8"]
[Result "0-1"]
[Date "2022.11.22"]
[WhiteElo "2046"]
[BlackElo "2246"]
[PlyCount "128"]
[EventDate "2022.11.22"]
[EventType "swiss (blitz)"]
[EventRounds "11"]
[EventCountry "USA"]
[SourceTitle "CBM 211 Extra"]
[Source "ChessBase"]
[SourceDate "2023.01.31"]
[SourceVersion "1"]
[SourceVersionDate "2023.01.31"]
[SourceQuality "1"]

1. d4 e6 2. c4 Nf6 3. Nc3 Bb4 4. Bd2 0-0 5. Nf3 b6 6. e3 Bb7 7. Bd3 d6 8. 0-0 Nbd7 9. Qc2 e5 10. dxe5 dxe5 11. Rfd1 Bxc3 12. Bxc3 e4 13. Bxf6 Nxf6 14. Be2 Qe7 15. Nd4 Rfd8 16. Rd2 c5 17. Nf5 Qe5 18. Ng3 Rxd2 19. Qxd2 Re8 20. Rd1 h5 21. Qd6 Qxd6 22. Rxd6 h4 23. Nf5 h3 24. gxh3 Bc8 25. Bg4 g6 26. Rxf6 gxf5 27. Bxf5 Kg7 28. Bxc8 Kxf6 29. Bb7 Ke5 30. Bd5 f5 31. Kg2 Re7 32. h4 Rh7 33. Kg3 b5 34. b3 a5 35. a4 b4 36. Kh3 f4 37. Kg4 Rg7+ 38. Kh3 f3 39. h5 Kf5 40. Kh4 Rg2 41. h3 Rxf2 42. h6 Kg6 43. Bxe4+ Kxh6 44. Kg3 Rb2 45. Bxf3 Rxb3 46. e4 Rc3 47. e5 b3 48. e6 Kg7 49. Kf4 Kf6 50. h4 Rxf3+ 51. Kxf3 b2 52. e7 Kxe7 53. Ke4 b1Q+ 54. Kd5 Qf5+ 55. Kc6 Qh5 56. Kb5 Qxh4 57. Kxa5 Qxc4 58. Kb6 Qxa4 59. Kc7 c4 60. Kc8 c3 61. Kc7 c2 62. Kb8 c1Q 63. Kb7 Qcc6+ 64. Kb8 Qaa8# 0-1